000 01043nam a2200277Ia 4500
003 OSt
005 20221005105443.0
006 a|||||r|||| 00| 0
007 ta
008 221004b |||||||| |||| 00| 0 urd d
020 _c600
024 _a121394
037 _b13327, 14/07/2012, Kitab Ghar
_cTextual
040 _aCRL
_cCRL
_burd
041 _2urd
_aurd
082 _aO168,3M46,AK, 152Q1.1-.2
100 _aसरशार, रतननाथ
245 0 _aआजाद कथा, अनु0 प्रेमचंद
246 _aĀjād kathā, anu premachanda
260 _aनई दिल्ली
_bभारतीय ग्रंथ निकेतन भारत
_c2010
490 _vभाग 1
650 _aहिन्दी साहित्य
700 _a प्रेमचंद, अनु.
942 _hO168,3M46,AK, 152Q1.1-.2
_cTEXL
_2cc
999 _c1015867
_d1015867